Co to za zwierzak? #10 - Statystyki

Ogólne statystyki
  • Ten quiz został rozwiązany 26 razy
  • Średni wynik to 7 z 24
Statystyki odpowiedzi
Obrazkowy Hint Odpowiedź % Poprawnych
x czarniawy Pomrów
60%
(rasa psa) Akita
40%
zając x Bielak
40%
x kubańska Hutia
40%
x krótkoogonowa Kuoka
40%
x pręgowany Mungo
40%
x andyjski Nibylis
40%
x leśny Pakożer
40%
x cętkowany Taraj
40%
(rasa bydła) Watussi
40%
x górska Wiskacza
40%
(rasa konia) Achał
20%
(rasa konia) Bachmat
20%
x afrykański Epoletnik
20%
x ruda Gerezanka
20%
x czubaty Hulman
20%
(rasa psa) Kai
20%
(rasa psa) Kishu
20%
(rasa kota) Manks
20%
(rasa kota) Ragdoll
20%
x akacjowa Zaroślarka
20%
Zieminek
20%
x plamisty Krążałek
0%
x portugalski (rasa psa) Podengo
0%
Nie znaleziono quizów pasujących do podanych kryteriów
Rozkład punktacji
Procent ludzi z każdym wynikiem
Percentyl według liczby udzielonych odpowiedzi
Twoja historia wyników
Nie rozwiązałeś tego quizu